[Event "V4 OPEN - International Championship of Slovakia 2
[Site "Banska Stiavnica"]
[Date "2013.07.13"]
[Round "8"]
[Board "40"]
[White "Bakalar, Jan"]
[Black "Juhar, Roman"]
[Result "1/2-1/2"]
[WhiteElo "2042"]
[BlackElo "2213"]
[PlyCount "102"]
[EventDate "2013.07.06"]
[EventRounds "9"]
[EventCountry "SVK"]

1. g3 d5 2. Bg2 e5 3. d3 f5 4. c4 c6 5. cxd5 cxd5 6. Qb3 Nf6 7. Nc3 d4 8. Nd5
Nc6 9. Bd2 Bd6 10. Nh3 h6 11. f4 e4 12. Nxf6+ Qxf6 13. O-O Qf7 14. Qxf7+ Kxf7
15. dxe4 fxe4 16. e3 Bxh3 17. Bxh3 Bc5 18. Rfe1 Rad8 19. a3 Rhe8 20. Bg2 d3 21.
Rac1 Bb6 22. Rc4 Nd4 23. exd4 Rxd4 24. Rxd4 Bxd4+ 25. Kf1 e3 26. Bxe3 Bxe3 27.
Rd1 d2 28. Bxb7 h5 29. b3 Kf6 30. Ba6 h4 31. Kg2 g5 32. Kf3 gxf4 33. gxf4 Re7
34. Bc4 Kg7 35. h3 Kf6 36. a4 a5 37. Bb5 Kf7 38. Bc4+ Ke8 39. Bd5 Kf8 40. Be4
Bc5 41. Rxd2 Rg7 42. Rg2 Rxg2 43. Kxg2 Kf7 44. Kf3 Kf6 45. Kg4 Bf2 46. b4 axb4
47. a5 b3 48. a6 b2 49. a7 Bxa7 50. Kxh4 Be3 51. Kg4 Bxf4 1/2-1/2

[Event "V4 OPEN - International Championship of Slovakia 2
[Site "Banska Stiavnica"]
[Date "2013.07.13"]
[Round "8"]
[Board "41"]
[White "Chlpik, Martin"]
[Black "Nemergut, Patrik"]
[Result "0-1"]
[WhiteElo "2125"]
[BlackElo "1976"]
[PlyCount "52"]
[EventDate "2013.07.06"]
[EventRounds "9"]
[EventCountry "SVK"]

1. d4 d5 2. Nf3 Nf6 3. Bf4 Bf5 4. e3 e6 5. h3 Bd6 6. Ne5 Ne4 7. Nd2 f6 8. g4
Bg6 9. Nxg6 hxg6 10. Bxd6 Nxd6 11. Bd3 g5 12. Qf3 Qd7 13. e4 dxe4 14. Nxe4 Nxe4
15. Qxe4 Nc6 16. Bc4 Kf8 17. O-O-O Re8 18. Rhe1 Nd8 19. f4 gxf4 20. Qxf4 Rxh3
21. g5 Qd6 22. Re5 Nf7 23. gxf6 g5 24. Qf1 Rh4 25. Qg1 Rh6 26. Rxg5 Qf4+ 0-1

[Event "V4 OPEN - International Championship of Slovakia 2
[Site "Banska Stiavnica"]
[Date "2013.07.13"]
[Round "8"]
[Board "42"]
[White "Karas, Marek"]
[Black "Sosovicka, Matej"]
[Result "0-1"]
[WhiteElo "2017"]
[BlackElo "2102"]
[PlyCount "120"]
[EventDate "2013.07.06"]
[EventRounds "9"]
[EventCountry "SVK"]

1. d4 d5 2. c4 c6 3. Nf3 Nf6 4. e3 Bf5 5. Nc3 e6 6. Nh4 Bg6 7. Nxg6 hxg6 8. Qc2
Nbd7 9. g3 Be7 10. Bg2 dxc4 11. O-O Rc8 12. a4 O-O 13. Ne2 Qc7 14. Qxc4 c5 15.
Bd2 Nb6 16. Qc2 Nbd5 17. Rac1 c4 18. b3 c3 19. Be1 Ba3 20. Rb1 Bb2 21. Nc1 Nb4
22. Qe2 Ba3 23. Ra1 Bb2 24. Rb1 Rfd8 25. f4 Ba3 26. Ra1 Bb2 27. Rb1 Nfd5 28.
Bf2 Ba3 29. Ra1 Bb2 30. Rb1 c2 31. Rxb2 Qc3 32. e4 Qxb2 33. exd5 exd5 34. Be3
Na2 35. f5 gxf5 36. Qh5 Nxc1 37. Bxc1 Qxd4+ 38. Kh1 g6 39. Qg5 Re8 40. h4 Qg4
41. Qxg4 fxg4 42. Bxd5 Re7 43. Bg5 Rd7 44. Bc4 Rc5 45. Bc1 Rf5 46. Rg1 Re5 47.
Rf1 Rd1 48. Kg2 Ree1 49. Bxf7+ Kh7 50. Rxe1 Rxe1 51. Ba3 c1=Q 52. Bxc1 Rxc1 53.
Bd5 Rc2+ 54. Kf1 b6 55. Ke1 Kg7 56. Kf1 Kf6 57. Bc4 Ke5 58. Bd3 Rc3 59. Bxg6
Rxg3 60. Bf7 Rf3+ 0-1

[Event "V4 OPEN - International Championship of Slovakia 2
[Site "Banska Stiavnica"]
[Date "2013.07.13"]
[Round "8"]
[Board "43"]
[White "Mulenko, Alexander"]
[Black "Kral, Klaudia"]
[Result "1/2-1/2"]
[WhiteElo "2098"]
[BlackElo "1911"]
[PlyCount "71"]
[EventDate "2013.07.06"]
[EventRounds "9"]
[EventCountry "SVK"]

1. Nf3 Nf6 2. c4 g6 3. g3 Bg7 4. Bg2 d5 5. cxd5 Nxd5 6. O-O O-O 7. Nc3 Nc6 8.
Qa4 Nb6 9. Qh4 e5 10. Qxd8 Rxd8 11. d3 a6 12. Rd1 h6 13. Bd2 Be6 14. Ne4 Bf8
15. Rdc1 Nd7 16. Be3 Rac8 17. Nc5 Nxc5 18. Bxc5 Bxc5 19. Rxc5 Rd5 20. Rc3 Rb5
21. b3 Nd4 22. Kf1 c6 23. Nd2 a5 24. e3 Nf5 25. Nc4 Bxc4 26. dxc4 Rb6 27. Rd1
a4 28. Be4 axb3 29. axb3 Ra8 30. Bc2 Ng7 31. Rb1 Ra3 32. Rd3 Ne6 33. b4 Ra2 34.
Bb3 Ra3 35. Bc2 Ra2 36. Bb3 1/2-1/2

[Event "V4 OPEN - International Championship of Slovakia 2
[Site "Banska Stiavnica"]
[Date "2013.07.13"]
[Round "8"]
[Board "44"]
[White "Giertli, Vladimir"]
[Black "Kravec, Patrik"]
[Result "0-1"]
[WhiteElo "2093"]
[BlackElo "1916"]
[PlyCount "80"]
[EventDate "2013.07.06"]
[EventRounds "9"]
[EventCountry "SVK"]

1. d4 f5 2. c4 Nf6 3. Nc3 e6 4. Bf4 d5 5. e3 c6 6. Qc2 Nbd7 7. Bd3 Nh5 8. Nge2
Nxf4 9. Nxf4 Nf6 10. h3 Bd6 11. g4 Bxf4 12. exf4 g6 13. g5 Nh5 14. Ne2 Qd6 15.
Qd2 Kf7 16. c5 Qc7 17. h4 a5 18. Rh3 b6 19. cxb6 Qxb6 20. Rc1 Bd7 21. Rc5 Rhb8
22. b3 a4 23. Bc2 axb3 24. Bxb3 Rb7 25. Nc1 Be8 26. Nd3 Kg7 27. Ne5 Ra6 28. Kf1
Qb4 29. Rhc3 Rb5 30. Rxb5 Qxb5+ 31. Kg2 Qb4 32. Kf3 c5 33. Rd3 Qxd2 34. Rxd2 c4
35. Bd1 Ra3+ 36. Kg2 Nxf4+ 37. Kg1 c3 38. Rc2 Ba4 39. Rxc3 Rxc3 40. Bxa4 Ne2+
0-1

[Event "V4 OPEN - International Championship of Slovakia 2
[Site "Banska Stiavnica"]
[Date "2013.07.13"]
[Round "8"]
[Board "45"]
[White "Snider, Lukas"]
[Black "Toman, Ondrej"]
[Result "0-1"]
[WhiteElo "2004"]
[BlackElo "2061"]
[PlyCount "81"]
[EventDate "2013.07.06"]
[EventRounds "9"]
[EventCountry "SVK"]

1. e4 c5 2. Nc3 a6 3. Nf3 e6 4. b3 Nc6 5. Bb2 b5 6. e5 Be7 7. Ne4 f5 8. exf6
Nxf6 9. Ng3 d5 10. d4 O-O 11. Be2 Qb6 12. c3 cxd4 13. cxd4 Bb4+ 14. Kf1 Kh8 15.
Qd3 Bd7 16. Kg1 Bd6 17. Nf1 Be8 18. Ne3 Bg6 19. Qd1 Ne4 20. h4 Bf4 21. h5 Be8
22. Ng4 Bd7 23. g3 e5 24. gxf4 Bxg4 25. Nxe5 Nxe5 26. fxe5 Nxf2 27. Qd2 Bxe2
28. Rh2 Bxh5 29. Rxf2 Rxf2 30. Qxf2 Qg6+ 31. Qg2 Qxg2+ 32. Kxg2 Rc8 33. Rc1
Rxc1 34. Bxc1 h6 35. Kg3 g5 36. Ba3 Bf7 37. Bf8 Kh7 38. a4 h5 39. axb5 axb5 40.
Be7 Kg6 41. Ba3 0-1

[Event "V4 OPEN - International Championship of Slovakia 2
[Site "Banska Stiavnica"]
[Date "2013.07.13"]
[Round "8"]
[Board "46"]
[White "Edes, Zsofia"]
[Black "Haring, Filip"]
[Result "1-0"]
[WhiteElo "2059"]
[BlackElo "1742"]
[PlyCount "67"]
[EventDate "2013.07.06"]
[EventRounds "9"]
[EventCountry "SVK"]

1. d4 d5 2. c4 c6 3. Nc3 Nf6 4. cxd5 cxd5 5. Bf4 e6 6. e3 Qb6 7. Bd3 a6 8. Nge2
Nc6 9. O-O Be7 10. a3 O-O 11. b4 Qd8 12. Qc2 Bd6 13. Bg5 Bxh2+ 14. Kxh2 Ng4+
15. Kg3 Qxg5 16. f4 Qf6 17. Kxg4 e5+ 18. Kf3 e4+ 19. Nxe4 dxe4+ 20. Bxe4 Qh4
21. Bf5 Qh5+ 22. g4 Qh3+ 23. Ng3 Re8 24. Qd3 Bxf5 25. gxf5 h5 26. Rh1 Qg4+ 27.
Kf2 h4 28. Ne2 h3 29. Rag1 Qh4+ 30. Rg3 h2 31. Kg2 Qe7 32. Rxh2 Qd7 33. f6 Qd5+
34. Kg1 1-0

[Event "V4 OPEN - International Championship of Slovakia 2
[Site "Banska Stiavnica"]
[Date "2013.07.13"]
[Round "8"]
[Board "47"]
[White "Kavon, Rastislav"]
[Black "Tropp, Oliver"]
[Result "0-1"]
[WhiteElo "1994"]
[BlackElo "2059"]
[PlyCount "100"]
[EventDate "2013.07.06"]
[EventRounds "9"]
[EventCountry "SVK"]

1. e4 e6 2. d4 d5 3. Nd2 dxe4 4. Nxe4 Bd7 5. Nf3 Bc6 6. Bd3 Nd7 7. c3 Ngf6 8.
Nxf6+ Nxf6 9. O-O b6 10. Ne5 Qd5 11. Nxc6 Qxc6 12. Qe2 Qd7 13. b3 Be7 14. Bb2
O-O 15. Rad1 c6 16. Bb1 Qd5 17. Rd3 Nh5 18. f4 g6 19. g4 Ng7 20. f5 Bg5 21. f6
Ne8 22. Ba3 Nxf6 23. Bxf8 Rxf8 24. h3 Qd8 25. Rdf3 Nd5 26. Be4 Nxc3 27. Qd3
Qxd4+ 28. Qxd4 Ne2+ 29. Kh2 Nxd4 30. Rd3 e5 31. Rc3 Rd8 32. Rd1 c5 33. a3 Kg7
34. b4 Ne2 35. Rcd3 Nd4 36. bxc5 bxc5 37. Rc3 c4 38. Rxc4 Rd7 39. Rb1 Ne6 40.
Rc2 Bf4+ 41. Kh1 Ng5 42. Bg2 Rd3 43. h4 Ne6 44. a4 a5 45. Rc8 Rd4 46. Bc6 Rd2
47. h5 gxh5 48. gxh5 Ng5 49. Bg2 Ra2 50. Bc6 e4 0-1

[Event "V4 OPEN - International Championship of Slovakia 2
[Site "Banska Stiavnica"]
[Date "2013.07.13"]
[Round "8"]
[Board "49"]
[White "Lovas, Miklos"]
[Black "Jurcisin, Imrich"]
[Result "1/2-1/2"]
[WhiteElo "1975"]
[BlackElo "2046"]
[PlyCount "66"]
[EventDate "2013.07.06"]
[EventRounds "9"]
[EventCountry "SVK"]

1. e4 d5 2. exd5 Nf6 3. Bb5+ Bd7 4. Bc4 Bg4 5. f3 Bf5 6. Nc3 Nbd7 7. Qe2 Nb6 8.
Bb3 Qd7 9. Qe5 O-O-O 10. Ne4 Bxe4 11. fxe4 Qg4 12. Qf5+ Qxf5 13. exf5 Nbxd5 14.
Nf3 e6 15. fxe6 Re8 16. O-O Rxe6 17. d4 c6 18. Ne5 Re7 19. Bg5 Rc7 20. Bxd5
cxd5 21. c3 Ne4 22. Bf4 f6 23. Nd3 Rd7 24. Rae1 Bd6 25. Bxd6 Rxd6 26. Nc5 Nxc5
27. dxc5 Rc6 28. Re7 Rc7 29. Rfe1 Rd8 30. Kf2 Rxe7 31. Rxe7 Rd7 32. Re8+ Rd8
33. Re7 Rd7 1/2-1/2

[Event "V4 OPEN - International Championship of Slovakia 2
[Site "Banska Stiavnica"]
[Date "2013.07.13"]
[Round "8"]
[Board "50"]
[White "Nowak, Lukasz"]
[Black "Marczuk, Dominik"]
[Result "1-0"]
[WhiteElo "1955"]
[BlackElo "2043"]
[PlyCount "77"]
[EventDate "2013.07.06"]
[EventRounds "9"]
[EventCountry "SVK"]

1. e4 c5 2. Nf3 d6 3. d4 cxd4 4. Nxd4 Nf6 5. Nc3 a6 6. Be3 e5 7. Nb3 Be7 8. h3
Be6 9. f4 exf4 10. Bxf4 Nc6 11. Qe2 Nd7 12. O-O-O Nde5 13. Kb1 Rc8 14. g4 h6
15. Qe3 Bg5 16. Rh2 Rc7 17. Rhd2 Bxf4 18. Qxf4 Rd7 19. Nd4 Nxd4 20. Rxd4 O-O
21. Be2 Qe7 22. Qg3 Rc8 23. h4 Ng6 24. g5 hxg5 25. hxg5 Rc5 26. Rg1 b5 27. Bd3
Bc4 28. Bxc4 Rxc4 29. Rgd1 Rxd4 30. Rxd4 Qe5 31. Qxe5 Nxe5 32. a4 Nc6 33. Rd3
b4 34. Nd5 Kh7 35. Nf4 Ne5 36. Rh3+ Kg8 37. Rb3 a5 38. c3 Nd3 39. Nxd3 1-0

[Event "V4 OPEN - International Championship of Slovakia 2
[Site "Banska Stiavnica"]
[Date "2013.07.13"]
[Round "8"]
[Board "51"]
[White "Jablonicky, Martin"]
[Black "Popelka, Oldrich"]
[Result "1-0"]
[WhiteElo "1933"]
[BlackElo "2094"]
[PlyCount "51"]
[EventDate "2013.07.06"]
[EventRounds "9"]
[EventCountry "SVK"]

1. e4 c5 2. Nc3 Nc6 3. f4 g6 4. Nf3 Bg7 5. Bc4 e6 6. O-O Nge7 7. e5 d5 8. exd6
Qxd6 9. d3 Nd4 10. Ne4 Qc7 11. c3 Nxf3+ 12. Qxf3 O-O 13. Be3 b6 14. g4 Bb7 15.
Qh3 Qc6 16. Rae1 Rad8 17. Bf2 Nd5 18. Bh4 Rde8 19. f5 exf5 20. gxf5 Bc8 21. Qg2
Kh8 22. f6 Bh6 23. Bg5 Bxg5 24. Qxg5 Bb7 25. Qh6 Rg8 26. Ng5 1-0

[Event "V4 OPEN - International Championship of Slovakia 2
[Site "Banska Stiavnica"]
[Date "2013.07.13"]
[Round "8"]
[Board "52"]
[White "Skara, Vladimir"]
[Black "Topolovsky, Vincent"]
[Result "1-0"]
[WhiteElo "2205"]
[BlackElo "1952"]
[PlyCount "41"]
[EventDate "2013.07.06"]
[EventRounds "9"]
[EventCountry "SVK"]

1. e4 e6 2. d4 d5 3. Nc3 Bb4 4. e5 c5 5. a3 Bxc3+ 6. bxc3 Nc6 7. Nf3 Qc7 8. h4
Nge7 9. Bd3 h6 10. a4 Bd7 11. O-O Na5 12. h5 O-O-O 13. Ba3 b6 14. Qb1 Nc4 15.
a5 Nc6 16. axb6 axb6 17. Bxc4 dxc4 18. dxc5 bxc5 19. Bxc5 Be8 20. Ra8+ Nb8 21.
Ba7 1-0

[Event "V4 OPEN - International Championship of Slovakia 2
[Site "Banska Stiavnica"]
[Date "2013.07.13"]
[Round "8"]
[Board "53"]
[White "Demeter, Peter"]
[Black "Mosny, Jaroslav"]
[Result "1-0"]
[WhiteElo "2168"]
[BlackElo "1926"]
[PlyCount "65"]
[EventDate "2013.07.06"]
[EventRounds "9"]
[EventCountry "SVK"]

1. c4 Nf6 2. Nf3 e6 3. g3 c5 4. Bg2 Nc6 5. O-O Be7 6. d3 O-O 7. e4 d6 8. Nc3 a6
9. h3 Rb8 10. a4 Qc7 11. Be3 b6 12. Rc1 Bb7 13. d4 cxd4 14. Nxd4 Nxd4 15. Bxd4
Nd7 16. Kh2 Bf6 17. Bxf6 Nxf6 18. b3 Qc5 19. Qd3 Qc7 20. Rfd1 Rbd8 21. Rc2 Rfe8
22. Rcd2 e5 23. Qe3 h6 24. f3 Re7 25. Bf1 Ne8 26. b4 Rc8 27. Rc1 Ba8 28. Rdc2
Qa7 29. h4 Nc7 30. a5 Ne6 31. Qxb6 Qxb6 32. axb6 Nd4 33. Rf2 1-0

[Event "V4 OPEN - International Championship of Slovakia 2
[Site "Banska Stiavnica"]
[Date "2013.07.13"]
[Round "8"]
[Board "54"]
[White "Koval, Maros"]
[Black "Simo, Marian"]
[Result "1-0"]
[WhiteElo "2084"]
[BlackElo "1844"]
[PlyCount "57"]
[EventDate "2013.07.06"]
[EventRounds "9"]
[EventCountry "SVK"]

1. c4 Nf6 2. Nc3 c6 3. e4 d5 4. cxd5 cxd5 5. e5 Nfd7 6. d4 Nb6 7. Bd3 Nc6 8.
Nge2 Bg4 9. f3 Bd7 10. Be3 e6 11. O-O Nb4 12. Bb1 Nc4 13. Bc1 Be7 14. f4 f5 15.
a3 Nc6 16. b3 Nb6 17. g4 g6 18. gxf5 exf5 19. Be3 Be6 20. Bd3 Qd7 21. Kh1 O-O-O
22. Qd2 Rdg8 23. Na4 Nxa4 24. bxa4 h6 25. a5 a6 26. Rfc1 Kd8 27. Qc3 Nb8 28.
Rab1 Qc8 29. Qb3 1-0

[Event "V4 OPEN - International Championship of Slovakia 2
[Site "Banska Stiavnica"]
[Date "2013.07.13"]
[Round "8"]
[Board "55"]
[White "Istok, Vojtech"]
[Black "Toma, Rudolf"]
[Result "1-0"]
[WhiteElo "1952"]
[BlackElo "2068"]
[PlyCount "83"]
[EventDate "2013.07.06"]
[EventRounds "9"]
[EventCountry "SVK"]

1. e4 c5 2. Nf3 Nc6 3. d4 cxd4 4. Nxd4 e5 5. Nb5 d6 6. N1c3 a6 7. Na3 f5 8. Bc4
Nf6 9. Bg5 Be7 10. Bxf6 Bxf6 11. Bd5 Qe7 12. O-O f4 13. Nc4 Nd4 14. Na4 Be6 15.
Nab6 Rd8 16. c3 Nc6 17. Qa4 O-O 18. Bxc6 bxc6 19. Qxc6 f3 20. Rfd1 Qf7 21. Rxd6
Qg6 22. Ne3 Rxd6 23. Qxd6 Bg5 24. Nbd5 Re8 25. Qxe5 Bxd5 26. Qxd5+ Kh8 27. Qf5
fxg2 28. Qxg6 hxg6 29. Kxg2 Rxe4 30. Kf3 Rf4+ 31. Kg3 Re4 32. Re1 Bf6 33. Rd1
Ra4 34. a3 Kg8 35. Nd5 Bh4+ 36. Kf3 Kf7 37. Rd4 Ra5 38. Rxh4 Rxd5 39. Rd4 Rb5
40. b4 a5 41. a4 Rh5 42. h4 1-0

[Event "V4 OPEN - International Championship of Slovakia 2
[Site "Banska Stiavnica"]
[Date "2013.07.13"]
[Round "8"]
[Board "56"]
[White "Sturc, Gustav"]
[Black "Sahidi, Samir"]
[Result "0-1"]
[WhiteElo "2047"]
[BlackElo "1839"]
[PlyCount "102"]
[EventDate "2013.07.06"]
[EventRounds "9"]
[EventCountry "SVK"]

1. b4 d5 2. Bb2 Qd6 3. a3 e5 4. e3 Be6 5. Nf3 f6 6. d4 e4 7. Nfd2 Ne7 8. c4 c6
9. Nc3 Nd7 10. Rc1 f5 11. c5 Qc7 12. g3 g6 13. b5 Bg7 14. Qb3 O-O 15. Bh3 Bf7
16. Ba1 g5 17. Rg1 Kh8 18. Nf1 Bg6 19. Ne2 Bh5 20. g4 fxg4 21. Bxg4 Bxg4 22.
Rxg4 h6 23. Rg2 Ng6 24. Nd2 Nh4 25. Rg3 Nf6 26. Ng1 Nh5 27. Nf1 Nxg3 28. Nxg3
Rf7 29. Rc2 Raf8 30. b6 axb6 31. cxb6 Qd7 32. Re2 Nf3+ 33. Nxf3 Rxf3 34. Nf1 c5
35. Nd2 Rh3 36. Qc2 cxd4 37. Bxd4 Bxd4 38. exd4 Rxa3 39. Qb2 Rh3 40. Qb4 Ra8
41. Nb3 Rxh2 42. Re3 Rh1+ 43. Kd2 Ra2+ 44. Kc3 Rxf2 45. Qc5 Rb1 46. Qc7 Rf7 47.
Qe5+ Kh7 48. Nc5 Qc6 49. Kc2 Rxb6 50. Kc3 Rb1 51. Rh3 Rbf1 0-1

[Event "V4 OPEN - International Championship of Slovakia 2
[Site "Banska Stiavnica"]
[Date "2013.07.13"]
[Round "8"]
[Board "57"]
[White "Medvec, Miroslav"]
[Black "Laho, Maros"]
[Result "1-0"]
[WhiteElo "1905"]
[BlackElo "2029"]
[PlyCount "101"]
[EventDate "2013.07.06"]
[EventRounds "9"]
[EventCountry "SVK"]

1. e4 e6 2. d4 d5 3. e5 c5 4. c3 Qb6 5. Nf3 Bd7 6. Bd3 Nc6 7. dxc5 Bxc5 8. O-O
a5 9. Nbd2 Qa7 10. c4 Nge7 11. cxd5 Nxd5 12. Ne4 Ncb4 13. Bc4 b5 14. Be2 Qb6
15. a3 Na6 16. Qd3 h6 17. Bd2 Ke7 18. Rac1 Rac8 19. Nh4 Rhd8 20. Qg3 Rg8 21.
Bh5 g5 22. Nf3 b4 23. Nfxg5 hxg5 24. Bxg5+ Ke8 25. Rxc5 Rxg5 26. Rxc8+ Bxc8 27.
Qxg5 Kd7 28. Qg8 Qd8 29. Qxf7+ Qe7 30. Nf6+ Kc6 31. Nxd5 Qxf7 32. Nxb4+ Nxb4
33. Bxf7 Nd3 34. f4 Kd5 35. Rd1 Kc4 36. g3 a4 37. Bg6 Nc5 38. Bc2 Bb7 39. h4
Bf3 40. Rc1 Kd4 41. Kf2 Bg4 42. Bg6 Nb3 43. Rc8 Nc5 44. h5 Nd3+ 45. Bxd3 Kxd3
46. h6 Bf5 47. g4 Bg6 48. Rc7 Kd4 49. h7 Bb1 50. h8=Q Bh7 51. Qd8+ 1-0

[Event "V4 OPEN - International Championship of Slovakia 2
[Site "Banska Stiavnica"]
[Date "2013.07.13"]
[Round "8"]
[Board "58"]
[White "Pereszlenyi, Gejza"]
[Black "Sepesi, Samuel"]
[Result "0-1"]
[WhiteElo "2021"]
[BlackElo "1954"]
[PlyCount "54"]
[EventDate "2013.07.06"]
[EventRounds "9"]
[EventCountry "SVK"]

1. d4 Nf6 2. Nf3 d5 3. Bf4 e6 4. e3 c5 5. c3 Be7 6. Be2 O-O 7. h3 b6 8. Nbd2
Bb7 9. O-O Nc6 10. Ne5 Nd7 11. Ndf3 f6 12. Nxd7 Qxd7 13. Re1 Bd6 14. Bh2 Ne7
15. Bd3 Bxh2+ 16. Nxh2 e5 17. dxe5 fxe5 18. e4 d4 19. Nf3 Ng6 20. Ng5 Nf4 21.
Bc4+ Kh8 22. Qg4 Qe7 23. g3 Bc8 24. Qh4 Qxg5 25. Qxg5 Nxh3+ 26. Kg2 Rxf2+ 27.
Kh1 Nxg5 0-1

[Event "V4 OPEN - International Championship of Slovakia 2
[Site "Banska Stiavnica"]
[Date "2013.07.13"]
[Round "8"]
[Board "59"]
[White "Adamciak, Tomas"]
[Black "Turkova, Karolina"]
[Result "1/2-1/2"]
[WhiteElo "1853"]
[BlackElo "2018"]
[PlyCount "68"]
[EventDate "2013.07.06"]
[EventRounds "9"]
[EventCountry "SVK"]

1. c4 e5 2. e3 Nf6 3. a3 d5 4. cxd5 Nxd5 5. Qc2 Be7 6. Nf3 Qd6 7. Bd3 g6 8. Nc3
Nxc3 9. dxc3 O-O 10. O-O Bg4 11. Be4 c6 12. h3 Be6 13. Rd1 Qc7 14. Qe2 Nd7 15.
c4 a5 16. b3 f5 17. Bc2 Bf6 18. Bb2 a4 19. b4 c5 20. b5 Nb6 21. Nd2 Qf7 22.
Rac1 Nxc4 23. Nxc4 Bxc4 24. Bd3 Bb3 25. Bc4 Bxc4 26. Qxc4 Rfd8 27. Rxd8+ Rxd8
28. Qxf7+ Kxf7 29. Rxc5 Rd1+ 30. Kh2 Ke6 31. f4 exf4 32. Bxf6 Kxf6 33. exf4 Rd3
34. Rc7 Rxa3 1/2-1/2

[Event "V4 OPEN - International Championship of Slovakia 2
[Site "Banska Stiavnica"]
[Date "2013.07.13"]
[Round "8"]
[Board "60"]
[White "Laho, Lukas"]
[Black "Wozniak, Mariola"]
[Result "0-1"]
[WhiteElo "1835"]
[BlackElo "2016"]
[PlyCount "42"]
[EventDate "2013.07.06"]
[EventRounds "9"]
[EventCountry "SVK"]

1. d4 d5 2. Nf3 Nf6 3. c4 dxc4 4. Nc3 a6 5. a4 e6 6. Bg5 c5 7. e3 Nc6 8. Bxc4
cxd4 9. exd4 Be7 10. O-O O-O 11. Rc1 Nb4 12. Qe2 b6 13. Rfd1 Bb7 14. d5 exd5
15. Nxd5 Nfxd5 16. Bxd5 Nxd5 17. Rxd5 Qxd5 18. Qxe7 Rfe8 19. Qb4 Re4 20. Qxb6
Rg4 21. Qe3 Qxf3 0-1

[Event "V4 OPEN - International Championship of Slovakia 2
[Site "Banska Stiavnica"]
[Date "2013.07.13"]
[Round "8"]
[Board "61"]
[White "Hlavac, Peter"]
[Black "Jandl, Vojtech"]
[Result "1-0"]
[WhiteElo "1999"]
[BlackElo "1837"]
[PlyCount "91"]
[EventDate "2013.07.06"]
[EventRounds "9"]
[EventCountry "SVK"]

1. d4 d5 2. Nf3 Nf6 3. g3 e6 4. Bg2 c5 5. O-O Nc6 6. c4 Be7 7. cxd5 Nxd5 8.
dxc5 Bxc5 9. e4 Ndb4 10. Qxd8+ Kxd8 11. Rd1+ Ke7 12. Nc3 Nc2 13. Rb1 N2d4 14.
Nxd4 Bxd4 15. Ne2 e5 16. Nxd4 Nxd4 17. Be3 Bg4 18. Bxd4 Bxd1 19. Bc5+ Kf6 20.
Rxd1 Rhd8 21. Rxd8 Rxd8 22. Bxa7 Ra8 23. Bc5 Rxa2 24. b4 Re2 25. Kf1 Rb2 26.
Bh3 b6 27. Bd6 Rd2 28. Bc7 Rb2 29. Bd8+ Kg6 30. Be7 f6 31. Be6 h5 32. h4 Rd2
33. b5 Rd4 34. f3 Kh6 35. Bd5 f5 36. Bg5+ Kh7 37. Bd8 Rd1+ 38. Ke2 Ra1 39. Bxb6
g5 40. exf5 gxh4 41. gxh4 Kg7 42. Bd8 Rb1 43. b6 Rb2+ 44. Kd3 Rb4 45. b7 Rb5
46. Ke4 1-0

[Event "V4 OPEN - International Championship of Slovakia 2
[Site "Banska Stiavnica"]
[Date "2013.07.13"]
[Round "8"]
[Board "62"]
[White "Lecky, Juraj"]
[Black "Novotny, Michal"]
[Result "1-0"]
[WhiteElo "1826"]
[BlackElo "1984"]
[PlyCount "111"]
[EventDate "2013.07.06"]
[EventRounds "9"]
[EventCountry "SVK"]

1. e4 e6 2. d4 d5 3. Nc3 Nf6 4. e5 Nfd7 5. Nce2 c5 6. c3 Nc6 7. f4 Qb6 8. Nf3
cxd4 9. cxd4 Be7 10. g3 O-O 11. Bh3 f5 12. O-O a5 13. Kh1 Qa6 14. g4 b5 15. Rg1
Nb6 16. gxf5 exf5 17. Qe1 b4 18. Qg3 Rf7 19. Bf1 Qb7 20. Ng5 Bxg5 21. fxg5 g6
22. Be3 Nc4 23. b3 Nxe3 24. Qxe3 Be6 25. Nf4 Nd8 26. Bg2 Rc7 27. Rac1 Rac8 28.
Rxc7 Rxc7 29. Rc1 Rc6 30. Rc5 Rxc5 31. dxc5 Kf7 32. Qd3 Qc7 33. Qh3 Qxe5 34.
Qxh7+ Qg7 35. Qxg7+ Kxg7 36. c6 Bc8 37. Bxd5 Nf7 38. h4 Ne5 39. Be6 Ba6 40. c7
Bb7+ 41. Kh2 Nf3+ 42. Kg3 Nd4 43. c8=Q Bxc8 44. Bxc8 Nb5 45. Ne2 Nc3 46. Nc1
Kf7 47. Kf4 Nd5+ 48. Ke5 Ne3 49. Bb7 Ng4+ 50. Kd5 Ke7 51. Kc5 Ne5 52. Ne2 Nd3+
53. Kb5 Kd6 54. Kxa5 Kc5 55. h5 gxh5 56. g6 1-0

[Event "V4 OPEN - International Championship of Slovakia 2
[Site "Banska Stiavnica"]
[Date "2013.07.13"]
[Round "8"]
[Board "63"]
[White "Karas, Juraj"]
[Black "Gombar, Peter"]
[Result "0-1"]
[WhiteElo "1732"]
[BlackElo "1964"]
[PlyCount "80"]
[EventDate "2013.07.06"]
[EventRounds "9"]
[EventCountry "SVK"]

1. e4 e5 2. Nf3 Nc6 3. Bc4 Bc5 4. c3 Nf6 5. d3 d6 6. b4 Bb6 7. O-O Bg4 8. Qb3
O-O 9. Nbd2 Ne7 10. Ng5 Bh5 11. b5 h6 12. Ngf3 Ng6 13. a4 c6 14. bxc6 bxc6 15.
Ba3 Qd7 16. d4 Bxf3 17. Nxf3 Nf4 18. Rfe1 Nxg2 19. Kxg2 Qg4+ 20. Kf1 Qxf3 21.
Qd1 Qh1+ 22. Ke2 Qxe4+ 23. Kf1 Qf4 24. Bxd6 Ne4 25. Rxe4 Qxe4 26. a5 Bd8 27.
Bxf8 Kxf8 28. Qh5 Qf4 29. Qxe5 Qf3 30. Re1 Bf6 31. Qd6+ Kg8 32. Qg3 Qh1+ 33.
Qg1 Qxg1+ 34. Kxg1 Rb8 35. Kg2 g6 36. Kf3 Kf8 37. Rd1 Rb2 38. Be2 Ra2 39. a6
Ra3 40. Rc1 Bxd4 0-1

[Event "V4 OPEN - International Championship of Slovakia 2
[Site "Banska Stiavnica"]
[Date "2013.07.13"]
[Round "8"]
[Board "64"]
[White "Urbanic, Martin"]
[Black "Motuzova, Marta"]
[Result "1-0"]
[WhiteElo "1912"]
[BlackElo "1825"]
[PlyCount "99"]
[EventDate "2013.07.06"]
[EventRounds "9"]
[EventCountry "SVK"]

1. e4 d5 2. exd5 Qxd5 3. d4 Nc6 4. Be3 a6 5. c4 Qf5 6. a3 e6 7. Bd3 Qf6 8. Nf3
h6 9. Nc3 g5 10. h3 Nge7 11. b4 Nf5 12. Be4 Nxe3 13. fxe3 Bg7 14. b5 axb5 15.
Nxb5 Qe7 16. O-O O-O 17. a4 Na5 18. c5 Rd8 19. Qc2 f5 20. Bd3 Nc6 21. Bc4 Kh8
22. Nh2 e5 23. d5 Nb4 24. d6 cxd6 25. cxd6 Qf8 26. Qb3 Nc6 27. Rad1 Na5 28. Qb4
Nxc4 29. Qxc4 Bd7 30. Qb4 Ra6 31. Nc7 Rxa4 32. Qxb7 Qf7 33. Ra1 Ra2 34. Nf3 e4
35. Nd4 Bxd4 36. exd4 e3 37. d5 Rxa1 38. Rxa1 f4 39. Ra8 Qf6 40. Rxd8+ Qxd8 41.
Qb2+ Kg8 42. Qe5 Qc8 43. Qe7 Bxh3 44. gxh3 Qb7 45. Qe6+ Kh7 46. Qf5+ Kh8 47.
Ne6 Qa7 48. Qf6+ Kg8 49. Qf8+ Kh7 50. Qe7+ 1-0

[Event "V4 OPEN - International Championship of Slovakia 2
[Site "Banska Stiavnica"]
[Date "2013.07.13"]
[Round "8"]
[Board "65"]
[White "Banduka, Zeljko"]
[Black "Volna, Lukas"]
[Result "1/2-1/2"]
[WhiteElo "2168"]
[BlackElo "1809"]
[PlyCount "86"]
[EventDate "2013.07.06"]
[EventRounds "9"]
[EventCountry "SVK"]

1. d4 Nf6 2. Bg5 d6 3. Nf3 Nbd7 4. c4 c6 5. Nc3 h6 6. Bf4 Qa5 7. d5 cxd5 8.
cxd5 Nb6 9. Bd2 Nbxd5 10. e4 Nxc3 11. Bxc3 Qd8 12. Qb3 e6 13. Rd1 Qb6 14. Qxb6
axb6 15. Bxf6 gxf6 16. a3 Bd7 17. Bd3 Bc6 18. Nd4 Be7 19. O-O O-O 20. Rfe1 Rfd8
21. Bb5 Rac8 22. Rc1 Bxb5 23. Nxb5 Rc5 24. Nd4 Rdc8 25. Rcd1 d5 26. b4 Rc4 27.
exd5 exd5 28. Nf5 Bf8 29. Rxd5 Rc1 30. Rdd1 Rxd1 31. Rxd1 Rc3 32. Ra1 Kh7 33.
g4 Kg6 34. Ng3 Rd3 35. Kf1 Bd6 36. Ke2 Rb3 37. Ra2 Be5 38. Nf1 Rh3 39. Ng3 Rxh2
40. Kf3 Bxg3 41. Kxg3 Rh1 42. Rd2 Ra1 43. Rd3 Kg5 1/2-1/2